تمثلات الإسلام في فلسفة هيجل / (Record no. 176574)

MARC details
000 -LEADER
fixed length control field 04535namaa22004211i 4500
003 - CONTROL NUMBER IDENTIFIER
control field OSt
005 - أخر تعامل مع التسجيلة
control field 20251210114746.0
008 - FIXED-LENGTH DATA ELEMENTS--GENERAL INFORMATION
fixed length control field 250827s2024 ua a|||frm||| 000 0 eng d
040 ## - CATALOGING SOURCE
Original cataloguing agency EG-GICUC
Language of cataloging ara
Transcribing agency EG-GICUC
Modifying agency EG-GICUC
Description conventions rda
041 0# - LANGUAGE CODE
Language code of text/sound track or separate title ara
Language code of summary or abstract ara
-- eng
049 ## - Acquisition Source
Acquisition Source إيداع
082 04 - DEWEY DECIMAL CLASSIFICATION NUMBER
Classification number 190
092 ## - LOCALLY ASSIGNED DEWEY CALL NUMBER (OCLC)
Classification number 190
Edition number 21
097 ## - Degree
Degree دكتـــــوراه‎
099 ## - LOCAL FREE-TEXT CALL NUMBER (OCLC)
Local Call Number Cai01.02.05.Ph.D.2024.إي.ت
100 0# - MAIN ENTRY--PERSONAL NAME
Authority record control number or standard number ،إيمان طارق محمود رشدي
Preparation إعداد.
245 10 - TITLE STATEMENT
Title تمثلات الإسلام في فلسفة هيجل /
Statement of responsibility, etc. إعداد إيمان طارق محمود رشدي؛ إشراف أ.د صلاح الدين بسيوني رسلان، د. أيمن أحمد محمد.
246 15 - VARYING FORM OF TITLE
Title proper/short title Manifestations of islam in hegel's philosophy /
264 #0 - PRODUCTION, PUBLICATION, DISTRIBUTION, MANUFACTURE, AND COPYRIGHT NOTICE
Date of production, publication, distribution, manufacture, or copyright notice 2024.
300 ## - PHYSICAL DESCRIPTION
Extent 187 صفحة :
Other physical details إيضاحيات ؛
Dimensions 25 cm. +
Accompanying material CD.
336 ## - CONTENT TYPE
Content type term text
Source rda content
337 ## - MEDIA TYPE
Media type term Unmediated
Source rdamedia
338 ## - CARRIER TYPE
Carrier type term volume
Source rdacarrier
502 ## - DISSERTATION NOTE
Dissertation note أطروحة (دكتوراه)-جامعة القاهرة، 2024.
504 ## - BIBLIOGRAPHY, ETC. NOTE
Bibliography, etc. note ببليوجرافيا: صفحات 174-183.
520 ## - SUMMARY, ETC.
Summary, etc. تنبع الأهمية الكبرى لدراسة رؤية هيجل حول الإسلام من كونها رؤية تمتلك نفوذًا متزايدًا في عقلنة سيادة الغرب على العالم. فلم ينظر للدين الإسلامي بوصفه خاتم الأديان. لذا فصورة الإسلام تبدو إشكالًا حقيقيًا داخل فلسفة هيجل. أن صورة العرب والإسلام عند هيجل في حاجة إلى قراءة جديدة لتوضيح مكانة الإسلام في ذلك التصور الغربي، بوصفه أحد أهم عوامل التأثير على التصورات الغربية الأوروبية ونظرتها التي تنطوى على العنصرية، والسيادة، والتعالى على العالم العربي والإسلامي. لذلك تهدف هذه الدراسة إلى تحليل ونقد المنظور الهيجلي حول الإسلام، من خلال قراءة موقف هيجل تجاه الإسلام من رؤى متعددة، أي الإسلام كدين، وتاريخ، وفلسفة، وفن بوصفها المظاهر التي يتجلى فيها الروح المطلق من أجل وعي ذاته. وفي دراستنا سنحاول تقديم قراءة جديدة من خلال قراءة مختلف الأعمال الهيجلية لنعرف هل موقف هيجل عن الإسلام موقفا سلبيا تمامًا أم موقفًا إيجابيًا لذا ستحاول الدراسة الوقوف على تأويل متسق داخليَّا لرؤية هيجل عن الإسلام.
520 ## - SUMMARY, ETC.
Summary, etc. The importance of the views of Hegel on Islam stems from the fact that it had considerable influence in rationalizing the West’s dominance over the world, He didn’t see Islam as the last of religions. So the vision of Islam appears to be real problematic within Hegel's system. As Hegel’s point of view of Arabs and Islam needs a new reading to clarify the place of Islam in western perception, and its racist, Eurocentric and Islamophobic views of Arabs and the Islamic world. Therefore, this study aims to analyze and criticize Hegel perspective about Islam, through a reading of Hegel's attitude towards Islam from multiple perspectives, i.e. Islam as religion, history, philosophy, and as art as through those three manifestations of the absolute spirit, man realizes the absolute. So that in our study, we will try to represent a new reading of Hegel's view about Islam, by reading his works to know whether Hegel's views on Islam are completely negative or has some positive component? So this study will attempt to find a consistent interpretation of Hegel's view of Islam.
530 ## - ADDITIONAL PHYSICAL FORM AVAILABLE NOTE
Issues CD صدر أيضًا كقرص مدمج.
546 ## - LANGUAGE NOTE
Text Language النص بالعربية والملخص باللغة الإنجليزية والعربية.
650 #7 - SUBJECT ADDED ENTRY--TOPICAL TERM
Topical term or geographic name entry element الفلسفة الغربية
Source of heading or term qrmak
653 #0 - INDEX TERM--UNCONTROLLED
Uncontrolled term هيجل
-- الإسلام
-- المحمدية
700 0# - ADDED ENTRY--PERSONAL NAME
Personal name صلاح الدين بسيوني رسلان
Relator term مشرف أطروحة.
700 0# - ADDED ENTRY--PERSONAL NAME
Personal name أيمن أحمد محمد
Relator term مشرف أطروحة.
900 ## - Thesis Information
Grant date 01-01-2024
Supervisory body صلاح الدين بسيوني رسلان
-- أيمن أحمد محمد
Universities جامعة القاهرة
Faculties كلية الآداب
Department قسم الفلسفة
905 ## - Cataloger and Reviser Names
Cataloger Name Sara Salah
Reviser Names Afaf
942 ## - ADDED ENTRY ELEMENTS (KOHA)
Source of classification or shelving scheme Dewey Decimal Classification
Koha item type Thesis
Edition 21
Suppress in OPAC No
Holdings
Source of classification or shelving scheme Home library Current library Date acquired Inventory number Full call number Barcode Date last seen Effective from Koha item type
Dewey Decimal Classification المكتبة المركزبة الجديدة - جامعة القاهرة قاعة الرسائل الجامعية - الدور الاول 08.12.2025 32047 Cai01.02.05.Ph.D.2024.إي.ت 01010100032047000 08.12.2025 08.12.2025 Thesis
Cairo University Libraries Portal Implemented & Customized by: Eng. M. Mohamady Contacts: new-lib@cl.cu.edu.eg | cnul@cl.cu.edu.eg
CUCL logo CNUL logo
© All rights reserved — Cairo University Libraries
CUCL logo
Implemented & Customized by: Eng. M. Mohamady Contact: new-lib@cl.cu.edu.eg © All rights reserved — New Central Library
CNUL logo
Implemented & Customized by: Eng. M. Mohamady Contact: cnul@cl.cu.edu.eg © All rights reserved — Cairo National University Library